000 00314nam a22001457a 4500
008 210607b ||||| |||| 00| 0 eng d
020 _a9780030500497
041 _aeng
080 _a574
082 _a574
100 _a9
101 _aMJE
245 _aEnvironmental Science
_cKaty Z, Allen
942 _2udc
_cBK
999 _c57997
_d57997